The dave jones book of western horsemanship (Record no. 35649)

MARC details
000 -LEADER
fixed length control field 00382nam a2200157Ia 4500
020 ## - INTERNATIONAL STANDARD BOOK NUMBER
ISBN 0- 89123- 008- 4
100 ## - STATEMENT OF RESPONSIBILITY--MAIN AUTHOR NAME
Personal name Jones, Dave
245 #4 - TITLE STATEMENT
Title The dave jones book of western horsemanship
260 ## - PUBLICATION, DISTRIBUTION, ETC. (IMPRINT)
Place of publication Houston
260 ## - PUBLICATION, DISTRIBUTION, ETC. (IMPRINT)
Name of publisher Cordovan corporation
260 ## - PUBLICATION, DISTRIBUTION, ETC. (IMPRINT)
Year of publication 1976
300 ## - PHYSICAL DESCRIPTION
Number of Pages 216 p
942 ## - ADDED ENTRY ELEMENTS (KOHA)
Koha item type Books
Holdings
Withdrawn status Lost status Source of classification or shelving scheme Damaged status Not for loan Permanent Location Current Location Date acquired Accession Number Price effective from Koha item type
    Library of Congress Classification     NILE UNIVERSITY OF NIGERIA - MAIN LIBRARY NILE UNIVERSITY OF NIGERIA - MAIN LIBRARY 04/23/2025 0000373 04/23/2025 Books